000 00641nam a2200217 b 4500
999 _c31244
_d31244
001 Mimo0002147087
003 OSt
005 20201124092326.0
008 061201s2003 esp spa
020 _a0-07-115625-9
040 _aSpMaBN
_bspa
_cBMC
_erdc
082 _a611.02
100 1 _944356
_aVan De Graaff, Kent M.
245 1 0 _aHuman Anatomy
_cKent M. Van De Graaff
250 _a5ª ed
260 _aBoston [etc.]
_bMcGraw-Hill
_bWCB
_c1998
300 _aXXVI, 821
_bil. col.
_c28 cm
594 _1Traducción de la 4ª ed. en inglés de: Atlas of human anatomy
650 2 0 _aAnatomía humana
_vAtlas
_924075
942 _2ddc
_cBK